|
|
|
|
| LEADER |
00000nam2a2200000 4500 |
| 001 |
24590 |
| 005 |
20231030200258.0 |
| 035 |
|
|
|a (RuTPU)RU\TPU\book\24819
|
| 035 |
|
|
|a BOOK00000362
|
| 035 |
|
|
|a RU\TPU\book\24820
|
| 090 |
|
|
|a 24590
|
| 100 |
|
|
|a 20011209d1966 k y0rusy50 ca
|
| 101 |
0 |
|
|a rus
|
| 102 |
|
|
|a RU
|
| 105 |
|
|
|a ab z 001zy
|
| 200 |
0 |
|
|a Кн. 1
|
| 210 |
|
|
|d 1966
|
| 215 |
|
|
|a 591 с.
|c ил., карты
|
| 320 |
|
|
|a Хронологическая таблица: с. 575-588
|
| 461 |
|
1 |
|0 (RuTPU)RU\TPU\book\15674
|t Краткая всемирная история
|o в 2 кн.
|f Академия наук СССР (АН СССР), Институт истории ; под ред. А. З. Манфреда
|v Кн. 1
|d 1966
|
| 606 |
1 |
|
|a Всеобщая история
|2 stltpush
|3 (RuTPU)RU\TPU\subj\3762
|
| 610 |
1 |
|
|a всемирная история
|
| 610 |
1 |
|
|a Древний мир
|
| 610 |
1 |
|
|a средние века
|
| 610 |
1 |
|
|a новое время
|
| 610 |
1 |
|
|a первобытное общество
|
| 610 |
1 |
|
|a Ближний Восток
|
| 610 |
1 |
|
|a Индия
|
| 610 |
1 |
|
|a Китай
|
| 610 |
1 |
|
|a Греция
|
| 610 |
1 |
|
|a Македония
|
| 610 |
1 |
|
|a Рим
|
| 610 |
1 |
|
|a Европа
|
| 610 |
1 |
|
|a Азия
|
| 610 |
1 |
|
|a Киевская Русь
|
| 610 |
1 |
|
|a Закавказье
|
| 610 |
1 |
|
|a Англия
|
| 610 |
1 |
|
|a Северная Америка
|
| 610 |
1 |
|
|a Россия
|
| 610 |
1 |
|
|a абсолютизм
|
| 610 |
1 |
|
|a Великая французская революция
|
| 610 |
1 |
|
|a капитализм
|
| 610 |
1 |
|
|a революции
|
| 610 |
1 |
|
|a Парижская коммуна
|
| 610 |
1 |
|
|a Первая мировая война 1914-1918
|
| 686 |
|
|
|a Т3(0)
|v LBC/SL-A
|2 rubbk
|
| 801 |
|
0 |
|a RU
|b 63413507
|c 20011209
|g PSBO
|
| 801 |
|
2 |
|a RU
|b 63413507
|c 20181009
|g PSBO
|
| 942 |
|
|
|c BK
|